Statistics for Největší státy světa A-Z

Click here to take the quiz!

General Stats

  • This quiz has been taken 949 times
  • The average score is 16 of 26

Answer Stats

zeměrozloha (km²)% Correct
RRusko17 075 200
96%
ČČína9 596 960
94%
SSpojené státy americké9 629 091
90%
BBrazílie8 511 965
84%
KKanada9 976 140
83%
AAustrálie7 686 850
80%
IIndie3 287 590
78%
ÍÍrán1 873 959
76%
FFrancie547 030
72%
ŘŘecko131 940
72%
ŠŠpanělsko504 782
65%
OOmán309 500
59%
ZZambie752 614
59%
MMexiko1 972 550
57%
CHChile756 950
54%
EEtiopie1 127 127
54%
VVenezuela912 050
52%
UUkrajina603 700
47%
HHonduras112 090
44%
PPeru1 285 220
42%
NNiger1 267 000
40%
DDem. rep. Kongo2 345 410
36%
LLibye1 759 540
36%
JJihoafrická republika1 219 912
34%
TTanzanie948 087
27%
GGabon267 667
26%

Score Distribution

Percentile by Number Answered

Percent of People with Each Score

Your Score History

You have not taken this quiz